Concise oxford companion to economics in India (Record no. 443868)

000 -LEADER
fixed length control field 00503cam a22001577a 4500
008 - FIXED-LENGTH DATA ELEMENTS--GENERAL INFORMATION
fixed length control field 180718b2013 xxu||||| |||| 00| 0 eng d
020 ## - INTERNATIONAL STANDARD BOOK NUMBER
International Standard Book Number 019806313x
082 ## - DEWEY DECIMAL CLASSIFICATION NUMBER
Classification number T19x54 B299c
245 ## - TITLE STATEMENT
Title Concise oxford companion to economics in India
Statement of responsibility, etc. edited by Kaushik Basu and Annemie Maertens
260 ## - PUBLICATION, DISTRIBUTION, ETC.
Place of publication, distribution, etc. New Delhi
Name of publisher, distributor, etc. Oxford
Date of publication, distribution, etc. 2013
300 ## - PHYSICAL DESCRIPTION
Extent 617p.
650 ## - SUBJECT ADDED ENTRY--TOPICAL TERM
Topical term or geographic name entry element India -- Economic policy -- 1991-
650 ## - SUBJECT ADDED ENTRY--TOPICAL TERM
Topical term or geographic name entry element India -- Economic conditions -- 1991-
700 ## - ADDED ENTRY--PERSONAL NAME
Personal name Maertens, Annemie
700 ## - ADDED ENTRY--PERSONAL NAME
Personal name Basu, Kaushik
Holdings
Withdrawn status Lost status Damaged status Not for loan Permanent Location Current Location Date acquired Total Checkouts Total Renewals Full call number Barcode Date last seen Date last checked out Price effective from Koha item type
        Indian Institute of Public Administration Indian Institute of Public Administration 2014-05-21 2 2 T19x54 B299c 85686 2023-08-23 2023-07-21 2018-07-21 Book

Powered by Koha